MARC

LEADER 00000nam0a2200000 4500
001 255025
005 20231101233005.0
010 |a 5250010369 
020 |a RU  |b 89-65334 
035 |a (RuTPU)RU\TPU\book\277528 
090 |a 255025 
100 |a 20140326d1989 m a0rusy5003 ca 
101 0 |a rus 
102 |a RU 
105 |a c z 000zb 
200 1 |a Маршал Жуков. Каким мы его помним  |e сборник  |f сост. Е. Н. Цветаев 
205 |a 2-е изд., доп. 
210 |a Москва  |c Политиздат  |d 1989 
215 |a 414 с., [12] л. ил.  |c ил. 
320 |a Библиогр. в примеч.: с. 388-402. 
320 |a Имен. указ.: с. 403-408. 
320 |a Предметно-географический указатель: с. 409-415. 
600 1 |a Жуков  |b Г. К.  |c русский полководец, маршал СССР  |f 1896-1974  |g Георгий Константинович  |2 stltpush  |3 (RuTPU)RU\TPU\pers\175  |9 94 
606 1 |a Полководцы и военачальники Великой Отечественной войны 1941-1945  |2 stltpush  |3 (RuTPU)RU\TPU\subj\66645  |9 82696 
610 1 |a Герои Советского Союза 
610 1 |a Вооруженные Силы СССР 
610 1 |a история 
610 1 |a воспоминания 
610 1 |a записки 
610 1 |a биографии 
610 1 |a персоналии 
610 1 |a жизнь 
686 |a Т3(2)622-35,88  |2 rubbk 
702 1 |a Цветаев  |b Е. Н.  |4 220 
801 0 |a RU  |b RuMRKP  |c 19950417  |g psbo 
801 1 |a RU  |b 63413507  |c 20140326 
801 2 |a RU  |b 63413507  |c 20210923  |g RCR 
942 |c BK